| 000 | 00685nam a2200205Ia 4500 | ||
|---|---|---|---|
| 001 | 14909 | ||
| 003 | GE_BSU | ||
| 008 | 181216s||||||||xx |||||||||||||| ||und|| | ||
| 040 | _cGE_BSU | ||
| 080 | _a537 | ||
| 100 | _aБеллерт,С. Возницки,Г. | ||
| 245 | _aАнализ и синтез электрических цепей методом структурных чисел | ||
| 245 | _cПод.ред.Д.А.Райкова | ||
| 260 | _aМосква | ||
| 260 | _bМир | ||
| 260 | _c1972 | ||
| 300 | _a334стр.22см. | ||
| 653 | _aАнализ и синтез электрических цепей методом структурных чисел | ||
| 942 | _cBK | ||
| 999 |
_c48029 _d48029 |
||